000
00221 a2200097 4500
001
9287
100
_a
Pounds, N.
245
_a
An historical & political geography of europe
260
_a
_b
Harrap
_c
090
_c
7456
_d
7456
942
_a
NUST-CAE
_c
M
_c
34107
999
_c
244360
_d
244360